<?xml version="1.0" encoding="UTF-8"?><?xml-stylesheet type="text/xsl" href="static/style.xsl"?><OAI-PMH xmlns="http://www.openarchives.org/OAI/2.0/" xmlns:xsi="http://www.w3.org/2001/XMLSchema-instance" xsi:schemaLocation="http://www.openarchives.org/OAI/2.0/ http://www.openarchives.org/OAI/2.0/OAI-PMH.xsd"><responseDate>2026-04-28T19:07:00Z</responseDate><request verb="GetRecord" identifier="oai:uvadoc.uva.es:10324/7797" metadataPrefix="marc">https://uvadoc.uva.es/oai/request</request><GetRecord><record><header><identifier>oai:uvadoc.uva.es:10324/7797</identifier><datestamp>2021-06-18T10:27:43Z</datestamp><setSpec>com_10324_38</setSpec><setSpec>col_10324_787</setSpec></header><metadata><record xmlns="http://www.loc.gov/MARC21/slim" xmlns:doc="http://www.lyncode.com/xoai" xmlns:xsi="http://www.w3.org/2001/XMLSchema-instance" xmlns:dcterms="http://purl.org/dc/terms/" xsi:schemaLocation="http://www.loc.gov/MARC21/slim http://www.loc.gov/standards/marcxml/schema/MARC21slim.xsd">
<leader>00925njm 22002777a 4500</leader>
<datafield tag="042" ind1=" " ind2=" ">
<subfield code="a">dc</subfield>
</datafield>
<datafield tag="720" ind1=" " ind2=" ">
<subfield code="a">Santos Marcos, Ruth</subfield>
<subfield code="e">author</subfield>
</datafield>
<datafield tag="260" ind1=" " ind2=" ">
<subfield code="c">2014</subfield>
</datafield>
<datafield tag="520" ind1=" " ind2=" ">
<subfield code="a">Este trabajo consiste en un análisis de los programas universitarios para mayores y sus&#xd;
características. Para hacer este análisis primero se ha partido de la situación de la&#xd;
formación permanente en el marco europeo, después se ha centrado en el territorio&#xd;
español y por último en un programa de educación permanente de la universidad de&#xd;
Valladolid como una modalidad existente dentro de la formación permanente.&#xd;
Para el análisis de este programa de educación permanente para mayores se ha&#xd;
administrado un cuestionario de satisfacción a los alumnos del mismo. Se ha trabajado&#xd;
con estos datos para finalizar el trabajo con las conclusiones de todo el proceso de&#xd;
análisis, comparando los datos trabajados con los compromisos de la universidad que se&#xd;
proponen desde la unión europea.</subfield>
</datafield>
<datafield tag="024" ind2=" " ind1="8">
<subfield code="a">http://uvadoc.uva.es/handle/10324/7797</subfield>
</datafield>
<datafield ind1=" " ind2=" " tag="653">
<subfield code="a">Personas mayores - Educación superior</subfield>
</datafield>
<datafield ind1=" " ind2=" " tag="653">
<subfield code="a">Universidad de Valladolid</subfield>
</datafield>
<datafield tag="245" ind1="0" ind2="0">
<subfield code="a">Los programas de mayores en la universidad: Análisis del contexto en la Universidad de Valladolid</subfield>
</datafield>
</record></metadata></record></GetRecord></OAI-PMH>